000 00514nam a2200205 a 4500
001 5839
003 CO-ViMGA
008 141112s2004 ck r 000 u spa d
040 _aCO-ViMGA
_bspa
_cCO-ViMGA
082 0 4 _a923.1 N166l
100 1 _aLudwing, Emil
_94386
245 1 0 _aNapoleón
250 _a24a
260 _aBarcelona :
_bJuventud,
_c1991
300 _a495 p : il
490 _aGrandes biografías
590 _aEjemplares : 2
650 1 4 _aNAPOLEON BONAPARTE 1769 - 1821
_94387
942 _2ddc
_cBK
999 _c17817
_d17817